[Event "CZE-ch U10 Girls"]
[Site "Kouty nad Desnou"]
[Date "2020.03.12"]
[Round "7"]
[White "Nechvatalova, Eva"]
[Black "Stavova, Lucie"]
[Result "1-0"]
[WhiteElo "1105"]
[BlackElo "1100"]
[PlyCount "67"]
[EventDate "2020.03.07"]
[EventType "swiss"]
[EventRounds "7"]
[EventCountry "CZE"]
[SourceTitle "CBM 195 Extra"]
[Source "ChessBase"]
[SourceDate "2020.05.31"]
[SourceVersion "1"]
[SourceVersionDate "2020.05.31"]
[SourceQuality "1"]

1. d4 d5 2. Bf4 Nf6 3. e3 c6 4. Nf3 e6 5. Be2 Be7 6. 0-0 0-0 7. c4 Qb6 8. Qb3 Nbd7 9. Qxb6 axb6 10. Nc3 Re8 11. a3 Nf8 12. Rac1 Ng6 13. Bg5 Ne4 14. Bxe7 Rxe7 15. Nxe4 dxe4 16. Ne5 Nxe5 17. dxe5 Bd7 18. Rfd1 Ra5 19. Rd2 Ra8 20. Rcd1 Rd8 21. b4 c5 22. bxc5 bxc5 23. f3 f5 24. fxe4 fxe4 25. Bg4 Kf7 26. Rf2+ Ke8 27. h4 g6 28. h5 g5 29. h6 b6 30. Bh5+ Rf7 31. Rxf7 Ba4 32. Rxh7+ Kf8 33. Rxd8+ Be8 34. Rxe8# 1-0